000 01752nam a2200277 i 4500
003 DO-SdBNP
005 20240229073832.0
007 ta
008 230630b2017 dr o|||| |||| 00| 0 spa d
040 _aDO-SdBNP
_bspa
_cBNPHU
_erda
082 4 _a363.73874
_bR426t
_222
100 1 _aHernández, Ángela,
_d1954-
_92564
110 _aRepública Dominicana.
_bMinisterio de Medio Ambiente y Recursos Naturales
_983652
245 1 0 _aTercera comunicación nacional de República Dominicana para la convención marco de las Naciones Unidas sobre cambio climático
264 _aSanto Domingo :
_bMinisterio de Medio Ambiente y Recursos Naturales,
_c2017.
300 _a346 páginas :
_bilustraciones ;
_c28 cm.
336 _2rdacontent
_atexto
_btxt
337 _2rdamedia
_asin mediación
_bn
338 _2rdacarrier
_avolumen
_bnc
505 _aPrólogo 13 -- Agradecimientos 15 -- Índice 17 -- Tablas y figuras 25 -- Acrónimos 31 -- Resumen ejecutivo 41 -- Capitulo 1: Circunstancias nacionales 64 -- Capitulo 2: Inventario nacional de emisiones de gases de efecto invernadero 100 -- Capitulo 3: Arreglos institucionales para aplicar la convención 142 -- Capitulo 4: Programas que comprenden medidas para facilitar la adecuada adaptación al cambio climático 146 -- Capitulo 5: Programas que comprenden medidas para mitigar el cambio climático 272 -- Capitulo 6: Informaciones pertinentes 304 -- Capitulo 7: Obstáculos, carencias y necesidades conexas de financiación, tecnología y capacidades 318 -- Referencias 322
590 _aInventariado, 2023/DG
650 4 _aCambios climáticos
_xPolítica gubernamental
_zRepública Dominicana
_983653
650 4 _aEfecto invernadero
_zRepública Dominicana
_983654
910 _aDG
942 _2ddc
_cLBS1
999 _c54034
_d54034